000 00768nam a2200241 a 4500
001 000022795
005 20200930021812.0
008 100720s1969 sp 000 f spa d
040 _aDO-SdBNP
_bspa
_cBNPHU
082 _a863.6
_bC392vi, 1969
100 1 _aCela, Camilo José,
_d1916-2002
_93188
245 1 0 _aViaje a la Alcarria :
_bcon los versos de su cancionero, cada uno en su debido lugar /
_cCamilo José Cela.
250 _a13a ed.
260 _aBarcelona :
_bDestino,
_c1969.
300 _a220 p. ;
_c18 cm.
490 1 _aÁncora y delfín
_v101
650 4 _aNovela española
_91123
650 4 _aLiteratura española
_9632
651 4 _aEspaña
_xDescripciones Y Viajes
_93096
830 0 _aÁncora y delfín
_v101
_94704
910 _aWM
049 _aBNGR
999 _c22292
_d22292